000 01043nam a2200289Ia 4500
003 GCL
008 140319s9999 xx 000 0 ara d
040 _aGCL /
_cGCL
082 0 4 _a615.1
_bت م
100 1 _aتحسين احمد جهاد
245 1 0 _aالموجز فى تأريخ الصيدلة /
_cتحسين احمد جهاد
250 _aالاولى
260 _aالاردن :
_bدار اليازورى العلمية للنشر والتوزيع ،
_c2006
300 _a246 ص ؛
_c24 سم
650 0 4 _aالادوية
650 0 4 _aالصيدلة
650 0 4 _aالنباتات الطبية
650 0 4 _aالعلوم عند العرب
650 0 4 _aالعقاقير
650 0 4 _aالمواد الطبية
650 0 4 _aالصيدلة - تاريخ - مصر
650 0 4 _aالادوية - صناعة وتجارة
650 0 4 _aالصيدلة عند الفراعنة
650 0 4 _aالصيدلة - الحضارة الاوربية
650 0 4 _aالصيدلة - الحضارة الاسلامية
942 _2ddc
_cBK
999 _c8352
_d8352